[Event "Sicilian Dragon"]
[Site "SchemingMind.com"]
[Date "2009.03.20"]
[Round "-"]
[White "acbrasileiro"]
[Black "KaliYuga"]
[Result "0-1"]
[WhiteCountry "BRA"]
[BlackCountry "IRL"]
[WhiteElo "1978"]
[WhiteRD "86"]
[BlackElo "1985"]
[BlackRD "79"]
[GameID "197195"]

1. e4 c5 2. Nf3 d6 3. d4 cxd4 4. Nxd4 Nf6 5. Nc3 g6 6. Be3 Bg7 7. f3 O-O 8. Qd2 Nc6 9. O-O-O a6 10. g4 Bd7
11. h4 h5 12. Nxc6 Bxc6 13. gxh5 Nxh5 14. Bh6 Rc8 15. Bh3 Rc7 16. Bxg7 Kxg7 17. Nd5 Bxd5 18. Qxd5 Nf4 19. Qg5 Ne2+ 20. Kb1 e5
21. Qd2 Nd4 22. c3 Nxf3 23. Qxd6 Qxd6 24. Rxd6 Nxh4 25. Be6 fxe6 26. Rxh4 Rf4 27. Rh2 Re7 28. Re2 g5 29. Kc2 Rf3 30. Rg2 Kf6
31. Rd8 Rf4 32. Kd3 g4 33. Rf8+ Rf7 34. Rg8 Rg7 35. Rf8+ Kg5 36. Re8 Rf3+ 37. Ke2 Kf4 38. Rxe6 Kxe4 39. Rb6 Re3+ 40. Kd2 Rd7+
41. Kc2 Kf3 42. Rd2 Rxd2+ 43. Kxd2 Re2+ 44. Kd3 e4+ 45. Kc4 g3 46. Rxb7 g2 47. Rf7+ Ke3 48. Rg7 Rf2
0-1

[Event "Sicilian Dragon"]
[Site "SchemingMind.com"]
[Date "2009.03.21"]
[Round "-"]
[White "surkimus"]
[Black "KaliYuga"]
[Result "1/2-1/2"]
[WhiteCountry "FIN"]
[BlackCountry "IRL"]
[WhiteElo "1942"]
[WhiteRD "84"]
[BlackElo "1935"]
[BlackRD "79"]
[GameID "197196"]

1. e4 c5 2. Nf3 d6 3. d4 cxd4 4. Nxd4 Nf6 5. Nc3 g6 6. Be3 Bg7 7. f3 O-O 8. Qd2 Nc6 9. O-O-O Bd7 10. g4 Rc8
11. h4 h5 12. Nxc6 bxc6 13. Bc4 Be6 14. Bxe6 fxe6 15. Rdg1 Qa5 16. gxh5 Nxh5 17. Rxg6 Kf7 18. Rhg1 Bxc3 19. Qxc3 Qxc3 20. bxc3 Ke8
21. Rg8 Kd7 22. R8g5 Rxf3 23. Kd2 Nf6 24. Ke2 Rh3 25. e5 Nd5 26. R1g3 Rxh4 27. Bxa7 Ra8 28. Bf2 Rxa2 29. Kd2 Nf6 30. exf6 Rf4
31. Be3 Rxf6 32. Rg8 Rf5 33. R3g5 Raa5 34. Rg4 e5 35. R4g5=
1/2-1/2